Media and foreign policy in india / (Record no. 156654)

MARC details
000 -LEADER
fixed length control field 00645nam a22001937a 4500
005 - DATE AND TIME OF LATEST TRANSACTION
control field 20180830120623.0
010 ## - LCCN (DPL NO)
LC control number ENG-123794
020 ## - INTERNATIONAL STANDARD BOOK NUMBER
Terms of availability 750.00
International Standard Book Number 9789386262462
035 ## - SYSTEM CONTROL NUMBER
System control number EN-107326
037 ## - SOURCE OF ACQUISITION
Source of stock number/acquisition DBAD/PUB
082 ## - DEWEY DECIMAL CLASSIFICATION NUMBER
Classification number 302.230954
100 ## - MAIN ENTRY--PERSONAL NAME
Personal name Shubha Singh
245 ## - TITLE STATEMENT
Title Media and foreign policy in india /
Statement of responsibility, etc by Shubha Singh
260 ## - PUBLICATION, DISTRIBUTION, ETC. (IMPRINT)
Place of publication, distribution, etc Delhi
Name of publisher, distributor, etc Shipra Publications
Date of publication, distribution, etc 2017
270 ## - ADDRESS
Address LG 18-19,Pankaj Central Market I.P.Ext.,Patparganj
City Delhi
Postal code 110092
Telephone number 91 11 22235152/ 6152
Electronic mail address www.shiprapublication.com
300 ## - PHYSICAL DESCRIPTION
Extent x,181p.
Dimensions 22cm(Hb)
500 ## - GENERAL NOTE
General note It includes bibliography
942 ## - ADDED ENTRY ELEMENTS (KOHA)
Source of classification or shelving scheme Dewey Decimal Classification
Item type English Books
Call number suffix SHU
Classification part 302.230954
Holdings
Withdrawn status Lost status Not for loan Collection code Home library Current library Date acquired Source of acquisition Cost, normal purchase price Full call number Barcode Copy number Cost, replacement price Koha item type
    Not For Loan Non-fiction D.B.Act.Division Bawana 30/08/2018 DBAD/PUB 750.00 302.230954 SHU EN-107326 1 750.00 English Books

© Delhi Public Library
Hit Counter
free hit counter